00522nam a2200169Ia 4500003000900000008004100009020001800050040001600068080001500084100002700099245011300126260004800239300001400287650001000301650001800311700002300329IN-BaIIA211028s9999 xx 000 0 eng d a0-521-59565-7 cIIA Library a524.5bLAM aLamers, H. J. G. L. M. 0aIntroduction to stellar windscH. J. G. L. M. Lamers and J. P. Cassinelli  aCambridgebCambridge University Pressc1999 axiv, 438p aStars aStellar winds aCassinelli, J. P.